[Event "ICS rated blitz match"]
[Site "207.99.83.229"]
[Date "1999.07.01"]
[Round "?"]
[White "Hossa"]
[Black "Antimaster"]
[Result "1-0"]
[WhiteElo "2394"]
[BlackElo "2126"]
[PlyCount "61"]

1. e4 c6 2. d4 d5 3. Nc3 dxe4 4. Nxe4 Nd7 5. Ng5 Ngf6 6. Bc4 e6 7. Qe2 Nb6 8.
Bd3 c5 9. N1f3 cxd4 10. Bd2 Bc5 11. O-O h6 12. Ne4 Nxe4 13. Qxe4 Qd5 14. Qg4 g5
15. Be4 e5 16. Bxd5 Bxg4 17. Bxf7+ Ke7 18. Nxe5 Be2 19. Rfe1 Ba6 20. Bh5 Kf6
21. a3 Bd6 22. Nf7 Nc4 23. Nxh8 Nxd2 24. Nf7 Bc7 25. Red1 Ne4 26. Rxd4 Nc5 27.
Re1 Ne6 28. Rd7 Bb6 29. Nd6 Nd8 30. Ne8+ Kf5 31. Rd5+ {Antimaster resigns} 1-0

[Event "ICS rated blitz match"]
[Site "207.99.83.229"]
[Date "1999.07.01"]
[Round "?"]
[White "Antimaster"]
[Black "Hossa"]
[Result "0-1"]
[WhiteElo "2083"]
[BlackElo "2400"]
[PlyCount "126"]

1. e4 e5 2. Nf3 Nf6 3. Nxe5 d6 4. Nf3 Nxe4 5. d4 d5 6. Bd3 Bd6 7. O-O O-O 8. c4
Nf6 9. Nc3 dxc4 10. Bxc4 Nc6 11. Bg5 Bg4 12. Nd5 Be7 13. Nxe7+ Qxe7 14. Re1 Qd6
15. d5 Ne5 16. Rxe5 Bxf3 17. Qxf3 Qxe5 18. Bxf6 Qxf6 19. Qxf6 gxf6 20. f3 Rae8
21. Kf2 f5 22. Rd1 Rd8 23. Rd4 Rd6 24. Rf4 Rb6 25. b3 Rf6 26. g4 Rh6 27. Kg3
fxg4 28. fxg4 Kg7 29. h4 a5 30. a4 f6 31. Rf5 Re8 32. h5 Re5 33. Bd3 Re1 34.
Rf3 Rd1 35. Re3 Kf8 36. Kf2 Rc1 37. Bf5 Rc5 38. Rd3 Rc2+ 39. Ke3 Rg2 40. Kd4
Ke7 41. Kc5 Rf2 42. Re3+ Kd8 43. Kb5 Rxh5 44. gxh5 Rxf5 45. Kxa5 Rxd5+ 46. Kb4
Rxh5 47. a5 Kd7 48. Ka4 h6 49. b4 Rh4 50. Kb3 Rh1 51. b5 Rb1+ 52. Kc4 Rc1+ 53.
Kb4 c5+ 54. Kb3 Ra1 55. Rh3 Rxa5 56. Kc4 b6 57. Rxh6 Ke6 58. Rh8 Ra4+ 59. Kc3
Rb4 60. Re8+ Kf5 61. Rd8 Rxb5 62. Rd5+ Kf4 63. Rd6 63... f5 {Antimaster resigns
} 0-1

[Event "ICS Rated blitz match"]
[Site "207.99.83.229"]
[Date "1999.07.01"]
[Round "?"]
[White "Hossa"]
[Black "DrLushin"]
[Result "1-0"]
[WhiteElo "2404"]
[BlackElo "2160"]
[PlyCount "49"]

1. d4 Nf6 2. Nc3 d5 3. Bg5 Nbd7 4. e3 e6 5. Bd3 Be7 6. Nf3 O-O 7. O-O c6 8. Qd2
b5 9. a3 Rb8 10. Rae1 a6 11. e4 dxe4 12. Nxe4 c5 13. Nxc5 Nxc5 14. dxc5 Bxc5
15. Rd1 Be7 16. Qf4 Bb7 17. Bxh7+ Kxh7 18. Rxd8 Rbxd8 19. a4 bxa4 20. Ne5 Kg8
21. Qxa4 Rd5 22. Re1 Rfd8 23. c4 Rd4 24. Rf1 Bc5 25. Be3 {DrLushin resigns} 1-0

[Event "ICS rated blitz match"]
[Site "207.99.83.229"]
[Date "1999.07.01"]
[Round "?"]
[White "xroniko"]
[Black "Hossa"]
[Result "0-1"]
[WhiteElo "2395"]
[BlackElo "2410"]
[PlyCount "136"]

1. e4 e5 2. Nf3 Nf6 3. Nxe5 d6 4. Nxf7 Kxf7 5. d4 Be6 6. d5 Bd7 7. Bd3 Be7 8.
O-O Rf8 9. f4 Bg4 10. Qe1 Kg8 11. c4 Nfd7 12. Nc3 Bh4 13. Qe3 Nc5 14. Bc2 Nba6
15. a3 Qf6 16. b4 Nd7 17. Bb2 Qh6 18. h3 Bh5 19. g4 Bf7 20. g5 Qh5 21. Bd1 Qg6
22. Bg4 Nb6 23. Qd3 c5 24. b5 Nxc4 25. Qxc4 Nc7 26. Bc1 Be8 27. Be3 b6 28. a4
h5 29. Be2 Rc8 30. a5 Bd7 31. Kh2 Rce8 32. f5 Qf7 33. Bf4 a6 34. axb6 Nxb5 35.
Bf3 Rb8 36. Rxa6 Qe8 37. Rfa1 Bxg5 38. Bxg5 Qe5+ 39. Kg2 Nxc3 40. Bf4 Qxf4 41.
Qxc3 h4 42. Qe1 Bb5 43. Ra7 Rxb6 44. Rb1 Bf1+ 45. Qxf1 Qg3+ 46. Kh1 Rxb1 47.
Qxb1 Qxh3+ 48. Kg1 Qxf3 49. Ra2 Re8 50. Rf2 Qxe4 51. Qxe4 Rxe4 52. f6 Kf7 53.
fxg7+ Kxg7 54. Rg2+ Kf6 55. Rf2+ Ke5 56. Kh2 Kxd5 57. Kh3 c4 58. Rf5+ Kd4 59.
Rf8 Kc5 60. Rc8+ Kb4 61. Rb8+ Kc3 62. Rc8 d5 63. Rc5 d4 64. Rd5 d3 65. Rc5 d2
66. Rf5 d1=Q 67. Rf3+ Qxf3+ 68. Kh2 68... Re2+ {xroniko resigns} 0-1

[Event "ICS rated blitz match"]
[Site "207.99.83.229"]
[Date "1999.07.01"]
[Round "?"]
[White "Hossa"]
[Black "MiddleHead"]
[Result "1-0"]
[WhiteElo "2425"]
[BlackElo "2239"]
[PlyCount "42"]

1. e4 d6 2. d4 Nf6 3. Nc3 g6 4. f4 Bg7 5. Nf3 c5 6. Bb5+ Bd7 7. e5 Ng4 8. h3
cxd4 9. Qxd4 dxe5 10. Qd5 e4 11. Ng5 Nh6 12. Qxb7 Bxc3+ 13. bxc3 O-O 14. Qxa8
Qc7 15. Rb1 Nc6 16. Qxf8+ Kxf8 17. Nxe4 Bf5 18. Bd3 e5 19. fxe5 Kg7 20. Nd6
Bxd3 21. Ne8+ 21... Kf8 {MiddleHead resigns} 1-0

[Event "ICS rated blitz match"]
[Site "207.99.83.229"]
[Date "1999.07.01"]
[Round "?"]
[White "Mig28"]
[Black "Hossa"]
[Result "1-0"]
[WhiteElo "2425"]
[BlackElo "2433"]
[PlyCount "140"]

1. d4 d5 2. c4 e6 3. Nc3 Nf6 4. Bg5 Be7 5. e3 O-O 6. Nf3 h6 7. Bh4 b6 8. cxd5
Nxd5 9. Bxe7 Qxe7 10. Nxd5 exd5 11. Be2 Bf5 12. O-O Nd7 13. Rc1 Qd6 14. Bb5 c5
15. Nh4 Be6 16. dxc5 bxc5 17. Bxd7 Bxd7 18. Qh5 Rae8 19. Nf3 Re4 20. Rfd1 Be6
21. a3 Rd8 22. Nd2 Ra4 23. h3 Qe7 24. Qe5 Rh4 25. b3 Kh8 26. a4 Rb4 27. a5 Rb5
28. a6 Re8 29. Rc3 f6 30. Qg3 Bf7 31. Rdc1 Kg8 32. Qf4 Be6 33. R1c2 Rf8 34. Qf3
Ra5 35. Qd1 Rb8 36. Rc1 Rbb5 37. Ra1 Bf5 38. Rxa5 Rxa5 39. Nf1 Qe5 40. Qd2 Qd6
41. Rc1 Rxa6 42. Qc3 Rc6 43. Rd1 Qe6 44. Ng3 Bg6 45. Qa5 Bc2 46. Qd8+ Kh7 47.
Rxd5 Bxb3 48. Rd7 Ra6 49. Nh5 Ra1+ 50. Kh2 Qe5+ 51. f4 Qxh5 52. Qxf6 Qg6 53.
Qxa1 Be6 54. Rc7 Bd5 55. g4 a5 56. Qe5 Bf3 57. Qxc5 a4 58. Qd4 Bxg4 59. hxg4
Qxg4 60. Qe4+ Kg8 61. Ra7 Qh4+ 62. Kg2 Qg4+ 63. Kf2 Qh4+ 64. Ke2 Qh5+ 65. Kd2
Qh2+ 66. Kd3 Qh3 67. Ra8+ Qc8 68. Rxc8+ Kf7 69. Qf5+ Ke7 70. Rc7+ 70... Ke8 {
Hossa resigns} 1-0

[Event "ICS rated blitz match"]
[Site "207.99.83.229"]
[Date "1999.07.01"]
[Round "?"]
[White "Hossa"]
[Black "MiddleHead"]
[Result "1-0"]
[WhiteElo "2429"]
[BlackElo "2238"]
[PlyCount "58"]

1. d4 d6 2. Nc3 Nf6 3. e4 g6 4. Bb5+ Bd7 5. Bd3 Bg7 6. Nf3 O-O 7. O-O Nc6 8. d5
Nb4 9. Be2 c5 10. a3 Na6 11. Bxa6 bxa6 12. e5 Ne8 13. Re1 Nc7 14. Bg5 f6 15.
exf6 exf6 16. Bf4 Bg4 17. Ne4 Ne8 18. Rb1 h6 19. h3 Bxf3 20. Qxf3 f5 21. Nd2
Nf6 22. Re6 Ne8 23. Rxg6 Rf6 24. Qh5 Rxg6 25. Qxg6 Qf6 26. Qxf6 Nxf6 27. Bxd6
Nxd5 28. Bxc5 a5 29. c4 29... Rc8 {MiddleHead resigns} 1-0

[Event "ICS Rated standard match"]
[Site "207.99.83.229"]
[Date "1999.07.01"]
[Round "?"]
[White "Hossa"]
[Black "Mofongo"]
[Result "1-0"]
[WhiteElo "2214"]
[BlackElo "2569"]
[PlyCount "127"]

1. e4 e6 2. d4 d5 3. Nc3 Bb4 4. e5 c5 5. a3 Bxc3+ 6. bxc3 Qc7 7. Qg4 f5 8. Qg3
cxd4 9. cxd4 Ne7 10. Bd2 O-O 11. Bd3 b6 12. Ne2 Ba6 13. Nf4 Qd7 14. h4 Bxd3 15.
Qxd3 Nbc6 16. Rh3 Rac8 17. Rg3 Nd8 18. Kf1 Rc4 19. Kg1 Nec6 20. Be3 Ne7 21. h5
Nf7 22. h6 g6 23. Rb1 Rfc8 24. Nh5 Kh8 25. Nf6 Qc7 26. c3 Rxc3 27. Qa6 Nc6 28.
Rd1 Rc4 29. Rf3 g5 30. Nxd5 exd5 31. Rxf5 Re8 32. Rf6 Qd7 33. Qb5 Re7 34. Qb1
g4 35. Qd3 Ncd8 36. Rf1 Qc8 37. f4 Rc3 38. Qd2 Qc4 39. f5 Qb3 40. Bf2 Rc8 41.
Qg5 Ne6 42. Qh4 Neg5 43. e6 Ne4 44. exf7 Rf8 45. Qxg4 Rexf7 46. Rxf7 Rxf7 47.
Rc1 Nd6 48. Qg5 Qa4 49. Rc8+ Ne8 50. Rxe8+ Qxe8 51. Bg3 Qd7 52. Be5+ Rg7 53.
Bxg7+ Kg8 54. Be5+ Kf8 55. Qf6+ Ke8 56. Qh8+ Ke7 57. Qxh7+ Kd8 58. Qg8+ Qe8 59.
h7 Qxg8 60. hxg8=Q+ Kd7 61. Qg7+ Kd8 62. Qc7+ Ke8 63. Bd6 b5 64. Qe7# {
Mofongo checkmated} 1-0

[Event "ICS rated standard match"]
[Site "207.99.83.229"]
[Date "1999.07.01"]
[Round "?"]
[White "Potha"]
[Black "Hossa"]
[Result "1-0"]
[WhiteElo "2024"]
[BlackElo "2242"]
[PlyCount "95"]

1. e4 e5 2. Nf3 Nf6 3. d4 Nxe4 4. Bd3 d5 5. Nxe5 Nd7 6. Nd2 Nxe5 7. dxe5 Nc5 8.
O-O Nxd3 9. cxd3 Be7 10. d4 O-O 11. Qh5 f6 12. f4 Qd7 13. Nf3 Qg4 14. Qxg4 Bxg4
15. b3 Rac8 16. Rf2 c5 17. Ba3 fxe5 18. fxe5 Rf4 19. dxc5 Re4 20. Raf1 Rf8 21.
b4 Bxf3 22. Rxf3 Rxf3 23. Rxf3 Rxe5 24. Rd3 a6 25. Kf2 h5 26. Bb2 Rf5+ 27. Rf3
Rxf3+ 28. Kxf3 Kf7 29. Bd4 Bf6 30. Ke3 h4 31. Bxf6 Kxf6 32. Kd4 Ke6 33. a4 h3
34. gxh3 Kd7 35. Kxd5 Ke7 36. c6 Kd8 37. Kd6 bxc6 38. Kxc6 g5 39. b5 Kc8 40. b6
Kb8 41. b7 a5 42. h4 g4 43. h5 g3 44. hxg3 Ka7 45. h6 Ka6 46. h7 Ka7 47. h8=Q
Ka6 48. Qa8# {Hossa checkmated} 1-0

[Event "ICS rated blitz match"]
[Site "207.99.83.229"]
[Date "1999.07.01"]
[Round "?"]
[White "MissSilicon"]
[Black "Hossa"]
[Result "1-0"]
[WhiteElo "2626"]
[BlackElo "2437"]
[PlyCount "100"]

1. d4 d5 2. c4 e6 3. Nc3 Nf6 4. Bg5 Be7 5. e3 O-O 6. Nf3 c5 7. dxc5 Nbd7 8. b4
a5 9. Qa4 Rb8 10. a3 axb4 11. axb4 Ne4 12. Nxe4 dxe4 13. Bxe7 Qxe7 14. Nd2 Qh4
15. Be2 Ne5 16. O-O Rd8 17. g3 Qh3 18. Nxe4 Bd7 19. b5 Ng4 20. Bxg4 Qxg4 21.
Nd6 e5 22. f4 Qe2 23. Rfe1 Qh5 24. Qa7 Qf3 25. fxe5 Be6 26. Ra2 Rf8 27. Qa3 Qh5
28. Qc3 Bh3 29. Rf2 Kh8 30. e4 Kg8 31. Ra1 Qg6 32. Qf3 Bg4 33. Qf4 Be6 34. Ra7
b6 35. c6 Qh5 36. c7 Ra8 37. c8=Q Rfxc8 38. Nxc8 Rxc8 39. Rb7 Qd1+ 40. Kg2 Qh5
41. g4 Qg6 42. Rxb6 Rxc4 43. Rb8+ Rc8 44. Rxc8+ Bxc8 45. Rd2 h5 46. Rd8+ Kh7
47. Rxc8 hxg4 48. Qf5 Qxf5 49. exf5 Kh6 50. e6 50... fxe6 {Hossa resigns} 1-0

[Event "ICS Rated standard match"]
[Site "207.99.83.229"]
[Date "1999.07.01"]
[Round "?"]
[White "Hossa"]
[Black "fridus"]
[Result "1-0"]
[WhiteElo "2237"]
[BlackElo "1901"]
[Annotator "Fritz 5.32 (22s)"]
[PlyCount "48"]

1. d4 1... e6 {Opening = 1.d4 e6 2.c4 Bb4 cf./vgl. E00; E11} 2. c4 Bb4+ 3. Bd2
Bxd2+ 4. Nxd2 4... Ne7 $146 (4... d5 5. Ngf3 (5. e3 Nf6 6. Ngf3 O-O 7. Qc2 Nbd7
8. cxd5 exd5 9. Bd3 Re8 10. O-O c6 11. Rfe1 Nf8 12. b4 Ng6 13. b5 cxb5 14. Bxb5
Bd7 15. Qb3 Bxb5 16. Qxb5 Qd7 17. Qxd7 Nxd7 18. Reb1 b6 19. a4 19... a6 {
Evans,L-Shipman,W/New York Rosenwald 1956/ - (50)}) 5... Nf6 6. g3 Nc6 7. Bg2
O-O 8. O-O Ne4 9. e3 f5 10. Rc1 a5 11. cxd5 exd5 12. Ne5 Nxe5 13. dxe5 c6 14.
f4 Qb6 15. Nxe4 dxe4 16. Qe2 Be6 17. g4 g6 18. gxf5 gxf5 19. Kh1 {
Dobos,J-Portisch,G/HUN-chT 1992/1-0 (46)}) (4... d6 5. Ngf3 Qe7 6. e4 e5 7. Qc2
Nf6 8. Be2 O-O 9. O-O Bg4 10. Rfe1 a5 11. Bf1 c5 12. d5 Nbd7 13. g3 Bxf3 14.
Nxf3 g6 15. Bh3 Nh5 16. Nh4 Ng7 17. Re2 Nf6 18. Ng2 Nfe8 19. f4 {
Degerman,L-Ulibin,M/Stockholm SWE 1999/ - (45)}) (4... b6 5. Ngf3 Bb7 6. e4 Nh6
7. Bd3 O-O 8. Qc2 Nc6 9. a3 f5 10. O-O-O fxe4 11. Bxe4 Nf5 12. d5 Ncd4 13. Qd3
exd5 14. cxd5 Nxf3 15. Nxf3 Qf6 16. h4 h6 17. Kb1 c5 18. dxc6 Bxc6 19. Bd5+ Kh8
20. h5 Bxd5 21. Qxd5 Rae8 22. Rd2 Rf7 23. Rh3 Qe6 24. g4 Ne7 25. Qxd7 Nc6 26.
Qxe6 Rxe6 27. Nh4 Kg8 28. Rc3 Rfe7 29. Nf5 Rb7 30. f4 Ne7 31. Rd8+ Kf7 32. Nd6+
{1-0 Prestel,O-Wilm,G/Untergrombach GER 1999 (32)}) 5. e3 O-O 6. Ngf3 b6 7. Bd3
Ng6 8. h4 8... h6 {Ueberdeckt g5} (8... Bb7 9. Ng5 h6 10. Qh5 $11) 9. h5 $11 (
9. Bxg6 $5 9... fxg6 10. Ne5 $16) 9... Ne7 10. Qc2 Nbc6 11. Bh7+ Kh8 12. O-O
$17 (12. Bd3 $5 $11 $142 {muss beachtet werden}) 12... Bb7 $15 (12... f5 $5
$142 13. Bg6 Nxg6 14. hxg6 14... Qf6 $17) 13. Rae1 $17 (13. Bd3 $5 $15 $142 {
muss geprueft werden}) 13... f5 14. Bg6 Nxg6 15. hxg6 Qf6 16. Qa4 d5 (16... d6
17. d5 exd5 18. cxd5 $19) 17. cxd5 exd5 18. b4 Qxg6 19. b5 Ne7 20. Rc1 Qd6 21.
Qc2 Rac8 22. Qd3 c6 23. Ne5 cxb5 24. Rxc8 Rxc8 1-0

[Event "ICS rated standard match"]
[Site "207.99.83.229"]
[Date "1999.07.01"]
[Round "?"]
[White "opus55"]
[Black "Hossa"]
[Result "0-1"]
[WhiteElo "1954"]
[BlackElo "2241"]
[Annotator "Fritz 5.32 (22s)"]
[PlyCount "84"]

1. e4 1... c5 {Opening = B24 - 2.Nc3 Nc6 3.g3 (g6 4.Bg2 Bg7 5.d3 ---)} 2. Nc3
Nc6 3. g3 d6 4. Bg2 Nf6 5. d3 e5 (5... e6 6. f4 Be7 7. Nf3 O-O 8. O-O Rb8 (8...
a6 9. h3 b5 10. g4 Bb7 11. f5 exf5 12. exf5 d5 13. d4 Ne4 14. Qd3 Nb4 15. Qd1
Nxc3 16. bxc3 Nc6 17. Be3 17... cxd4 {
1-0 Startseva,K-Manicuta,M/EuYouth U12 Girls, Tallinn EST 1997 (17)}) 9. h3 e5
10. g4 exf4 11. Bxf4 Be6 12. Qe1 Rc8 13. Qg3 Nd4 14. Rf2 Qb6 15. Nd1 Nxf3+ 16.
Bxf3 Nd7 17. c3 g5 18. Be3 Ne5 19. Be2 Ng6 20. d4 cxd4 21. Bxd4 Qc6 22. Bf3 Bd8
23. Ne3 Bb6 24. Nf5 Rfd8 25. Raf1 Rc7 26. Bg2 Bxd4 27. cxd4 Bc4 28. e5 Qb6 29.
exd6 Rcd7 30. Re1 Nf4 31. Rxf4 gxf4 32. Qxf4 Rxd6 33. Nxd6 Rxd6 34. Re8+ Kg7
35. Qg5+ Rg6 36. Qe5+ Kh6 37. Qf4+ Kg7 38. Qe5+ Kh6 39. Be4 Re6 40. Qh5+ Kg7
41. Qxh7+ Kf6 42. Qh6# {
1-0 Hartvig,O-Jensen,H/Politiken, Copenhagen DEN (3) 1996 (42)}) 6. f4 Be7 7.
Nf3 7... Bg4 $146 (7... O-O 8. O-O Bg4 (8... a6 9. Ne2 b5 10. h3 Qc7 11. g4 Bb7
12. Ng3 Rad8 13. g5 Ne8 14. f5 Nd4 15. Nh2 b4 16. Ng4 f6 17. c3 bxc3 18. bxc3
Nb5 19. a4 Na7 20. g6 d5 21. Ne3 dxe4 22. Qh5 h6 23. dxe4 {
Nordholz,T-Gahntz,B/RLNS 1989/0-1 (38)}) 9. h3 Bxf3 10. Qxf3 Nd4 11. Qf2 h6 12.
Be3 Nh7 13. h4 f5 14. Nd5 Nf6 15. Nxf6+ Bxf6 16. Bxd4 exd4 17. exf5 Qb6 18. g4
Rae8 19. Bd5+ Kh8 20. g5 Bd8 21. Be6 Qc6 22. Qe2 {
Castro,O-Poris,R/Moscow olm 1994/1-0 (32)}) 8. h3 8... Bxf3 $14 (8... Be6 9.
Ng5 $11) 9. Bxf3 Nd4 10. O-O exf4 11. gxf4 Nd7 12. Bg2 O-O 13. Nd5 Nb6 14. Ne3
{Will f5 spielen} 14... Qd7 15. c3 Nc6 16. Qh5 {Ermoeglicht auch f5} 16... Qe6
17. f5 {Weiss erobert Raum} 17... Qd7 18. f6 Bxf6 19. Rxf6 $1 {
nun ist alles klar} 19... gxf6 20. Nf5 $11 (20. Qh6 $142 {und Weiss gewinnt}
20... Rfe8 21. Nf5 Qxf5 22. exf5 $18) 20... Ne7 21. Bh6 $15 (21. Nh6+ Kh8 22.
Nxf7+ Kg8 23. Nh6+ 23... Kg7 $15) 21... Nxf5 22. exf5 {Es droht Matt.} 22...
Kh8 23. Qh4 {Mit der Mattdrohung Qxf6} 23... Qxf5 24. Bxf8 $17 (24. Be4 Rg8+
25. Kh1 $14) 24... Rxf8 25. Rf1 {Droht Matt: Rxf5} 25... Qg5 (25... Qxd3 $2 {
geht nicht} 26. Qxf6+ Kg8 27. Rf4 Qe3+ 28. Kh1 Qe1+ 29. Bf1 $18) 26. Qxg5 {
Droht Matt} 26... fxg5 27. Bxb7 f5 28. Be4 f4 29. Bf3 (29. b3 29... h5 $17)
29... Na4 {Schwarz erlangt Initiative} 30. Re1 Rb8 31. b3 (31. Re7 a5 32. Bd1
32... Nxb2 $17) 31... Nxc3 32. Re7 a5 33. Rd7 (33. Be4 Nxa2 34. Rxh7+ 34... Kg8
$19) 33... Nxa2 34. Rxd6 Rxb3 35. Bd5 (35. Rd5 {hilft allerdings auch nicht}
35... h6 $19) 35... Rxd3 36. Rd8+ Kg7 37. Rg8+ Kh6 38. Be4 (38. Bxa2 {
nuetzt auch nichts mehr} 38... Rd1+ 39. Kf2 Rd2+ 40. Kf3 40... Rxa2 $19) 38...
Rxh3 39. Ra8 Nc3 (39... Ra3 {damit wuerde Schwarz es sich noch erleichtern} 40.
Rc8 $19) 40. Bf5 (40. Bc6 {aendert nichts mehr} 40... Ne2+ 41. Kf1 Re3 42. Rxa5
42... c4 $19) 40... Ne2+ 41. Kf2 (41. Kf1 {
kann das Vorangegangene nicht ungeschehen machen} 41... Re3 $1 {
die Entscheidung} 42. Bg4 Ng3+ 43. Kg1 43... Ra3 $19) 41... Rh2+ 42. Kf3 (42.
Ke1 {koennte noch eine geringe Chance darstellen} 42... Nd4 43. Ra6+ Kg7 44.
Ra7+ Kf6 45. Bxh7 $19) 42... Nd4+ (42... Nd4+ 43. Ke4 Re2+ 44. Kd3 Re3+ 45. Kd2
Nxf5 46. Rxa5 Re5 47. Ra6+ 47... Kh5 $19) 0-1

[Event "ICS Rated standard match"]
[Site "207.99.83.229"]
[Date "1999.07.01"]
[Round "?"]
[White "Hossa"]
[Black "diasetter"]
[Result "1-0"]
[WhiteElo "2246"]
[BlackElo "1887"]
[Annotator "Fritz 5.32 (22s)"]
[PlyCount "15"]

1. d4 1... g6 {Opening = B06 - 1.e4 g6} 2. e4 Bg7 3. Nc3 d6 4. f4 c6 5. Nf3
5... b6 $146 (5... b5 6. a3 a6 7. Be3 Nd7 8. Be2 Nb6 9. O-O Nf6 10. h3 Bb7 11.
Qe1 Qc7 12. Rd1 Rc8 13. Qh4 c5 14. dxc5 dxc5 15. f5 Nh5 16. e5 Bxe5 17. Nxb5
Qb8 18. fxg6 hxg6 19. Nxe5 Qxe5 20. Qf2 {Honfi,K-Szabo,L/Hungary 1968/ - (53)})
(5... Bg4 6. Be3 (6. Be2 d5 7. exd5 cxd5 8. Ne5 Bxe2 9. Qxe2 a6 10. O-O Nc6 11.
Be3 e6 12. Na4 Nge7 13. c3 b6 14. Rad1 O-O 15. c4 dxc4 16. Nxc6 Nxc6 17. d5
exd5 18. Nxb6 Nd4 19. Rxd4 Qxb6 20. Rxd5 Rfe8 21. Rf3 Qxb2 22. Qxc4 Rac8 23.
Qxa6 Rc2 24. Qf1 Qxa2 25. Rd3 Rb8 26. Rf2 Rb1 27. Rd1 Rxf2 28. Bxf2 Rxd1 29.
Qxd1 Qa1 30. Qxa1 Bxa1 31. g4 Kg7 32. Kg2 Kf6 33. Kf3 Ke6 34. h3 Kd5 35. Be3
Bd4 36. Bxd4 Kxd4 37. g5 Kd5 38. Ke3 f5 39. Kd3 Kc5 40. Kc3 40... Kd5 {- (40)})
6... Qb6 (6... Nd7 7. h3 Bxf3 8. Qxf3 e6 9. O-O-O d5 10. g4 Ne7 11. h4 b5 12.
h5 b4 13. h6 Bf8 14. Ne2 dxe4 15. Qxe4 Nd5 16. Bg2 Be7 17. Bd2 O-O 18. Qd3 N7f6
19. g5 Ne8 20. Ng3 a5 21. Rde1 {Rebel10-Anand,V/Ischia ITA 1998/1-0 (62)}) 7.
Qd2 Bxf3 8. gxf3 (8. gxf3 Nd7 9. Bh3 Ngf6 10. O-O Qc7 11. Ne2 e6 12. c4 O-O 13.
Kh1 c5 14. dxc5 Nxc5 15. Nd4 a6 16. Rg1 Rad8 17. f5 e5 18. Ne2 b5 19. Rac1 Qb7
20. Rgd1 Qa8 21. b3 b4 22. Rg1 22... a5 {
Prevot Emmanuel-Weill Roland/Ch France 1980/0-1 (60)}) 8... Nd7 9. O-O-O Qc7
10. h4 Ngf6 11. e5 Nd5 12. Nxd5 cxd5 13. h5 O-O-O 14. h6 Bf8 15. e6 Nb6 16.
exf7 e6 17. Qa5 Kb8 18. Rd3 Rc8 19. Rc3 Nc4 20. Qxc7+ {
Shirov,A-Speelman,J/GP 1998/1-0 (40)}) 6. Be2 6... c5 $14 (6... d5 $5 $11) 7.
O-O $11 (7. dxc5 dxc5 8. Bb5+ 8... Nd7 $16) 7... Na6 $14 {
Schwarz muss dringend die Entwicklung vorantreiben.} (7... cxd4 8. Nxd4 Bb7 9.
Bc4 $11) 8. Bb5+ (8. Bb5+ Kf8 9. Bc6 $14) 1-0

[Event "ICS Rated standard match"]
[Site "207.99.83.229"]
[Date "1999.07.01"]
[Round "?"]
[White "SPIKE-1"]
[Black "Hossa"]
[Result "1-0"]
[WhiteElo "2326"]
[BlackElo "2250"]
[Annotator "Fritz 5.32 (22s)"]
[PlyCount "92"]

1. e4 1... c5 {Opening = B24 - 2.Nc3 Nc6 3.g3 (g6 4.Bg2 Bg7 5.d3 ---)} 2. Nc3
Nc6 3. g3 d6 4. Bg2 Nf6 5. d3 e5 (5... e6 6. f4 Be7 7. Nf3 O-O 8. O-O Rb8 (8...
a6 9. h3 b5 10. g4 Bb7 11. f5 exf5 12. exf5 d5 13. d4 Ne4 14. Qd3 Nb4 15. Qd1
Nxc3 16. bxc3 Nc6 17. Be3 17... cxd4 {
1-0 Startseva,K-Manicuta,M/EuYouth U12 Girls, Tallinn EST 1997 (17)}) 9. h3 e5
10. g4 exf4 11. Bxf4 Be6 12. Qe1 Rc8 13. Qg3 Nd4 14. Rf2 Qb6 15. Nd1 Nxf3+ 16.
Bxf3 Nd7 17. c3 g5 18. Be3 Ne5 19. Be2 Ng6 20. d4 {
Hartvig,O-Jensen,H/Politiken, Copenhagen DEN (3) 1996/1-0 (42)}) 6. f4 Be7 7.
Nf3 7... Bg4 $146 (7... O-O 8. O-O Bg4 (8... a6 9. Ne2 b5 10. h3 Qc7 11. g4 Bb7
12. Ng3 Rad8 13. g5 Ne8 14. f5 Nd4 15. Nh2 b4 16. Ng4 f6 17. c3 bxc3 18. bxc3
Nb5 19. a4 Na7 20. g6 d5 21. Ne3 dxe4 22. Qh5 h6 23. dxe4 {
Nordholz,T-Gahntz,B/RLNS 1989/0-1 (38)}) 9. h3 Bxf3 10. Qxf3 Nd4 11. Qf2 h6 12.
Be3 Nh7 13. h4 f5 14. Nd5 Nf6 15. Nxf6+ Bxf6 16. Bxd4 exd4 17. exf5 Qb6 18. g4
Rae8 19. Bd5+ Kh8 20. g5 Bd8 21. Be6 Qc6 22. Qe2 {
Castro,O-Poris,R/Moscow olm 1994/1-0 (32)}) 8. h3 8... Bxf3 $14 (8... Be6 9.
Ng5 $11) 9. Bxf3 Nd4 10. O-O exf4 11. Bxf4 Nxf3+ 12. Qxf3 O-O 13. Be3 Qb6 14.
Rab1 {Weiss haelt das Heft fest in der Hand} 14... Rae8 15. b4 Qc7 16. bxc5
dxc5 17. Nb5 Qd7 18. Qf5 ({Nachteilig ist} 18. Nxa7 18... Ra8 19. e5 19... Nd5
$17) 18... Ra8 19. Qxd7 Nxd7 20. Nc7 Rab8 21. Bf4 Bf6 22. Bd6 Be5 23. Bxf8 Bxc7
24. Be7 Bxg3 25. Rf5 b6 26. Rd5 Nf8 27. Bxf8 Rxf8 (27... Kxf8 28. Kg2 Bf4 29.
Rd7 $16) 28. Rd7 Ra8 29. Kg2 Be5 30. Rb7 Bc3 31. Kf3 g6 32. Rf1 Bb2 33. h4 Bc3
34. Kg4 {Weiss erhaelt Koenigsangriff} 34... f6 35. h5 Be5 (35... Rf8 36. Rxa7
Rf7 37. Ra6 $18) 36. hxg6 hxg6 37. Rh1 Bc3 38. Rhh7 a6 (38... f5+ 39. exf5
gxf5+ 40. Kxf5 $18) 39. Rhg7+ Kh8 40. Rxg6 b5 (40... c4 {die letzte Gegenchance
} 41. Rxb6 41... Rc8 $18) 41. Rh6+ Kg8 42. Kf5 {Mit der Mattdrohung Rhh7} 42...
c4 (42... Re8 {macht keinen grossen Unterschied} 43. Rhh7 Re5+ 44. Kg6 Rg5+ 45.
Kh6 Rh5+ 46. Kxh5 f5 47. Kg6 Be5 48. Rhd7 Bd6 49. Rxd6 fxe4 50. Rd8#) 43. Rhh7
Ra7 44. Rxa7 cxd3 (44... Bb4 {aendert nichts am Ausgang der Partie} 45. Kg6 Bf8
46. Ra8 cxd3 47. Rg7+ Kh8 48. Rxf8#) 45. Kg6 Be5 (45... Bb4 {
waere gleichermassen fruchtlos} 46. Rag7+ Kf8 47. Rh8#) 46. Rag7+ Kf8 1-0

[Event "ICS Rated standard match"]
[Site "207.99.83.229"]
[Date "1999.07.01"]
[Round "?"]
[White "Kgambitman"]
[Black "Hossa"]
[Result "0-1"]
[WhiteElo "1934"]
[BlackElo "2237"]
[Annotator "Fritz 5.32 (22s)"]
[PlyCount "34"]

1. e4 1... e5 {Opening = C37 - 3.Nf3 g5 (4.Bc4 ---)} 2. f4 exf4 3. Nf3 g5 4.
Bc4 4... h6 $146 (4... g4 5. O-O (5. Bxf7+ Kxf7 6. Ne5+ Ke8 7. Qxg4 Nf6 8. Qxf4
d6 9. Nc4 Qe7 10. Nc3 Nc6 11. O-O Bg7 12. d3 Rf8 13. Qg5 Be6 14. Ne3 Kd7 15.
Bd2 Rae8 16. Ncd5 Bxd5 17. exd5 Ne5 18. Nf5 Qf7 19. Nxg7 Re7 20. Qf5+ Kd8 21.
Ne6+ Ke8 22. Nxf8 Kxf8 23. Qxf6 {1-0 De Villette Murcey-Maubisson/Paris 0 (23)}
) 5... d5 6. Bxd5 (6. exd5 gxf3 7. Qxf3 Bd6 8. d4 Ne7 9. Bxf4 Bxf4 10. Qxf4 O-O
11. Nc3 Ng6 12. Qe3 Kg7 13. Rae1 Nd7 14. Ne4 f5 15. Ng3 Nb6 16. Nh5+ Kh8 17.
Qh6 Rg8 18. d6 Qf8 19. Re8 {1-0 Reti Richard-Spielmann Rudolf/Abbazia 1912 (19)
}) 6... gxf3 7. Qxf3 c6 8. Qxf4 Nf6 9. Bb3 Qd4+ 10. Kh1 Be7 11. d3 Be6 12. Bd2
Nbd7 13. Bc3 Qb6 14. Bxe6 fxe6 15. e5 Nd5 16. Qf7+ Kd8 17. Nd2 Nxc3 18. bxc3
Nxe5 19. Qxe6 Qc7 20. Rf4 Nd7 21. Re4 Qd6 22. Qh3 Nf6 23. Rd4 Nd5 24. c4 Qb4
25. Nb3 Bf6 26. cxd5 Bxd4 27. Qh4+ Kc7 28. Nxd4 Kb6 29. c3 Qb2 30. Qe1 Ka6 31.
Rb1 Rae8 32. Ne6 Qc2 33. Nc5+ Ka5 34. Nxb7+ Ka6 35. Nc5+ Ka5 36. Nb7+ Ka6 37.
Nc5+ Ka5 38. Ne6 cxd5 39. c4+ {1-0 Spielmann R-Flamberg A/Abbazia 1912 (39)}) (
4... Qe7 5. Nc3 $15) 5. O-O 5... Bg7 {Schwarz hat Entwicklungsnachteil.} 6. g3
$17 (6. d4 6... d6 $15) 6... d6 {Schwarz ergreift die Initiative} 7. d4 Bh3 8.
Rf2 Nf6 9. e5 (9. gxf4 Nxe4 10. Re2 10... f5 $11) 9... Ne4 10. Re2 d5 11. Bd3 (
11. gxf4 $5 11... Qd7 12. e6 Qxe6 13. Qd3 $19) 11... fxg3 12. Bxe4 dxe4 13.
Rxe4 gxh2+ (13... Bf5 14. Re2 g4 15. Ne1 gxh2+ 16. Rxh2 $19) 14. Nxh2 Nc6 (
14... Bf5 15. Re1 $19) 15. Nc3 $2 (15. Ng4 $19 $142) 15... Bf5 16. Be3 Qe7 17.
Qf3 Bxe4 (17... Bxe4 18. Nxe4 18... h5 $19) 0-1